| 000 | 00000nam##2200000za#4500 |
| 001 | 9.540948 |
| 003 | CaOODSP |
| 005 | 20210615085551 |
| 007 | ta |
| 008 | 150406|2005||||xxc||||| f|0| 0 eng|d |
| 020 | |a0-660-62799-X |
| 040 | |aCaOODSP|beng |
| 041 | |aeng |
| 041 | |afre |
| 043 | |an-cn--- |
| 086 | 1 |aBT31-2/2006-III-117 |
| 110 | 1 |aCanada. |bTreasury Board. |
| 245 | 10|aCanada Firearms Centre |
| 246 | 3 |aCanada Firearms Centre 2005-2006 estimates. Part III, Report on plans and priorities |
| 260 | |bTreasury Board of Canada Secretariat |c2005. |
| 300 | |aEnglish text, 45p. : |borganization chart, tables, index ; |c28 cm. |
| 490 | 1 |a2005-2006 estimates. Part III, Report on plans and priorities |
| 520 | 3 |aReports on Plans and Priorities (RPPs) are individual expenditure plans for each department and agency (excluding Crown corporations) for the 2005-2006 fiscal year. These reports contain information on the department’s objectives, initiatives and planned results, including links to related resource requirements over a three-year period. The RRP also provides details on human resource requirements, major capital projects, grants and contributions, and net program costs. |
| 563 | |aSoftcover |
| 590 | |a05-13|b2005-04-01 |
| 690 | 07|aEstimates|2gcpds |
| 776 | 0#|tCanada Firearms Centre |w(CaOODSP)9.577185 |
| 776 | 0#|tCentre des armes à feu Canada |w(CaOODSP)9.605995 |
| 792 | |tCentre des armes à feu Canada |efre|w(CaOODSP)9.540949 |
| 830 | #0|a2005-2006 estimates. Part III, Report on plans and priorities.|w(CaOODSP)9.511084 |